The Epistle to the Romans. (Record no. 5730)

000 -LEADER
fixed length control field 00613nam a2200205 a 4500
001 - CONTROL NUMBER
control field :::00003472$&:&@@
003 - CONTROL NUMBER IDENTIFIER
control field OkBaRHE
005 - DATE AND TIME OF LATEST TRANSACTION
control field 20000607103306.0
008 - FIXED-LENGTH DATA ELEMENTS--GENERAL INFORMATION
fixed length control field s1983 j 000 0 eng u
020 ## - INTERNATIONAL STANDARD BOOK NUMBER
International Standard Book Number 0802402682
040 ## - CATALOGING SOURCE
Transcribing agency
100 1# - MAIN ENTRY--PERSONAL NAME
Personal name Stifler, James M.
245 14 - TITLE STATEMENT
Title The Epistle to the Romans.
250 ## - EDITION STATEMENT
Edition statement Moody Press ed.
260 ## - PUBLICATION, DISTRIBUTION, ETC. (IMPRINT)
Place of publication, distribution, etc Chicago, IL., :
Name of publisher, distributor, etc Moody Press
Date of publication, distribution, etc 1983
300 ## - PHYSICAL DESCRIPTION
Extent 256 p. ;
Dimensions 22 cm.
650 ## - SUBJECT ADDED ENTRY--TOPICAL TERM
Topical term or geographic name as entry element Bible New Testament Romans
General subdivision Commentaries
942 ## - ADDED ENTRY ELEMENTS (KOHA)
Source of classification or shelving scheme
Koha item type Books
Copies
Koha item type Copy number Full call number Not for loan Damaged status Source of classification or shelving scheme Date last seen Lost status Permanent Location Date acquired Price effective from Barcode Shelving location Withdrawn status
Books1BS 2665.3 .S795   2018-03-28 RHEMA Bible Training College2010-04-142010-04-143472General Stacks